Egészséges étterem megvalósíthatósága Budapesten

Bibliographic Details
Main Author: Bartóki Réka
Other Authors: Debreceni János
Format: Thesis
Kulcsszavak:Egészséges életmód
Egészséges étterem
Étterem Budapesten
Étterem megvalósíthatósága
Tudatos táplálkozás
Online Access:http://dolgozattar.uni-bge.hu/13066

MARC

LEADER 00000nta a2200000 i 4500
001 dolg13066
005 20180502144449.0
008 171127suuuu hu om 000 hun d
040 |a BGE Dolgozattár Repozitórium  |b hun 
041 |a hu 
100 1 |a Bartóki Réka 
245 1 0 |a Egészséges étterem megvalósíthatósága Budapesten  |c Bartóki Réka  |h [elektronikus dokumentum] 
695 |a Egészséges életmód 
695 |a Egészséges étterem 
695 |a Étterem Budapesten 
695 |a Étterem megvalósíthatósága 
695 |a Tudatos táplálkozás 
700 1 |a Debreceni János  |e ths 
856 4 0 |u http://dolgozattar.uni-bge.hu/13066/1/Eg%C3%A9szs%C3%A9ges-%C3%A9tterem-megval%C3%B3s%C3%ADthat%C3%B3s%C3%A1ga-Budapesten3.pdf  |z Dokumentum-elérés